000 00661nam a2200181Ia 4500
003 OSt
005 20260328104848.0
008 211028s2010 xx 000 0 und d
040 _cAIMIT LIBRARY
041 _aeng
082 _a658.3
100 _aGhosh, Debati;Krishnan, Renjith.
_g816013
_96412
245 _aTo identify the factors restricting the hoteliers to update the technology and to strategize the methods to tap the hoteliers in Dakshina Kannada and Udupi districts for axis rooms, Bangalore /
260 _bKrishnan, Renjith
_c2010
600 _aHuman Resource Management
_96413
650 _aHuman Resource Management
_96414
942 _2ddc
_cPRO
999 _c218229
_d218229